Statystyki dla Zwycięzcy najlepszych lig europejskich w sezonie 19/20

Kliknij tutaj aby rozwiązać quiz!

Ogólne statystyki

  • Ten quiz został rozwiązany 55 razy
  • Średni wynik to 6 z 7

Statystyki odpowiedzi

WskazówkiOdpowiedzi% Poprawnych
BundesligaBayern
98%
Ligue 1PSG
95%
La LigaReal Madryt
95%
Seria AJuventus
91%
Premier leagueLiverpool
88%
EredivisieAjax
86%
Liga NosPorto
77%

Rozkład punktacji

Percentyl według liczby udzielonych odpowiedzi

Procent ludzi z każdym wynikiem

Twoja historia wyników

Nie rozwiązałeś tego quizu